000 00327nam a2200133Ia 4500
003 GCL
008 140319s9999 xx 000 0 ara d
040 _aGCL /
_cGCL
082 0 4 _a257
_bع ا
245 1 0 _aالاسلام والبعث القومى
260 _a[S.N] :
_bدار الجيل ،
_c1991
300 _a231
490 _a
999 _c54930
_d54930